LEADER 02169nam0 2200385 i 450 001 TO00766373 005 20231121125840.0 010 $a8879889230 020 $aIT$b2000-9478 100 $a20000610d1999 ||||0itac50 ba 101 | $aita 102 $ait 181 1$6z01$ai $bxxxe 182 1$6z01$an 200 1 $aEtica e politica: le teorie dei frati mendicanti nel Due e Trecento$eatti del 26. Convegno internazionale, Assisi 15-17 ottobre 1998$fSocietā internazionale di studi francescani, Centro interuniversitario di studi francescani 210 $aSpoleto$cCentro italiano di studi sull'Alto Medioevo$d1999 215 $aVI, 318 p.$d23 cm. 225 | $aAtti dei convegni della Societā internazionale di studi francescani e del Centro interuniversitario di studi francescani.$i Nuova serie$v9 410 0$1001TO00075237$12001 $aAtti dei convegni della Societā internazionale di studi francescani e del Centro interuniversitario di studi francescani.$i Nuova serie$v9$171202$aSocietā internazionale di studi francescani$3CFIV021323 606 $aCongressi$xAssisi$x1998$2FIR$3RMLC407252$9I 606 $aOrdini mendicanti$xSec. 13.-14.$xCongressi$x1998$2FIR$3RMLC407253$9I 606 $aOrdini mendicanti$xEtica$xSec. 13.-14.$xCongressi Assisi 1998$2FIR$3RMLC144794$9I 676 $a271.06$9$v21 710 02$aSocietā internazionale di studi francescani$3CFIV021323$4070$0167009 711 02$aCentro interuniversitario di studi francescani$3TO0V043484$4070$0167010 801 3$aIT$bIT-01$c20000610 850 $aIT-RM0281 $aIT-RM0249 $aIT-FR0017 899 $aBIBLIOTECA VALLICELLIANA$bRM0281 899 $aSOCIETA' ROMANA DI STORIA PATRIA$bRM0249 899 $aBiblioteca umanistica Giorgio Aprea$bFR0017 912 $aTO00766373 950 0$aBiblioteca umanistica Giorgio Aprea$d 52CIS Spoleto R 9$e 52VM 0000410095 VM barcode:00007916. - Inventario:19394 FLSVM$fA $h20040310$i20121204 977 $a 08$a 11$a 52 996 $aEtica e politica: le teorie dei frati mendicanti nel Due e Trecento$93638263 997 $aUNICAS LEADER 02442nam 2200481 450 001 9910796640303321 005 20171118030004.0 010 $a0-253-03170-2 035 $a(CKB)4100000001041603 035 $a(OCoLC)1011555477 035 $a(MdBmJHUP)muse59760 035 $a(MiAaPQ)EBC5150102 035 $a(EXLCZ)994100000001041603 100 $a20171215h20182018 uy 0 101 0 $aeng 135 $aur|||||||nn|n 181 $ctxt$2rdacontent 182 $cc$2rdamedia 183 $acr$2rdacarrier 200 10$aSilver screen, Hasidic Jews $ethe story of an image /$fShaina Hammerman 210 1$aBloomington, Indiana :$cIndiana University Press,$d2018. 210 4$dŠ2018 215 $a1 online resource (pages cm) 311 $a0-253-03168-0 311 $a0-253-03169-9 320 $aIncludes bibliographical references, filmographies and index. 327 $aAcknowledgments -- Introduction: when Jews are like Jews -- The yarmulke beneath the cowboy hat: signifying Jewishness in the Hasidic Western -- The Jewish type and "Le Juif Typique": typologies of Jewishness in Les Aventures De Rabbi Jacob -- Hard-core Jews: Woody Allen's religious women and men -- Cinema judeite: projecting Jewish-Muslim romance -- What lies beneath the wig: Hester Street and adaptation -- Epilogue: hijab, habit, and hasid -- Filmography and bibliography -- Index. 330 $a"Motivated by Woody Allen's brief comedic transformation into a Hasidic Jew in Annie Hall, cultural historian Shaina Hammerman examines the effects of real and imagined representations of Hasidic Jews in film, television, theater, and photography. Although these depictions could easily be dismissed as slapstick comedies and sexy dramas about forbidden relationships, Hammerman uses this ethnic imagery to ask meaningful questions about how Jewish identity, multiculturalism, belonging, and relevance are constructed on the stage and silver screen"--$cProvided by publisher. 606 $aJews in motion pictures 606 $aHasidism 606 $aJews in popular culture 615 0$aJews in motion pictures. 615 0$aHasidism. 615 0$aJews in popular culture. 676 $a791.43/652924 700 $aHammerman$b Shaina$01516323 801 0$bMiAaPQ 801 1$bMiAaPQ 801 2$bMiAaPQ 906 $aBOOK 912 $a9910796640303321 996 $aSilver screen, Hasidic Jews$93752737 997 $aUNINA